000 00625nam a2200193 4500
008 160914b xxu||||| |||| 00| 0 eng d
020 _a0-471-49237-X
082 _22001
_aDC 332.6
_bL82i
100 _914542
_aLofthouse, Stephen
245 _aInvestment management/
_cStephen Lofthouse.
250 _a2nd edition
260 _aChichester:
_bJohn Wiley & Sons,
_cc2001.
300 _ax, 589 pages;
_c24 cm.
500 _aIncludes bibliographical references and index.
650 0 _914543
_aInvestments
_xManagement
650 0 _914544
_aPortfolio management
650 0 _914545
_aInvestment analysis
942 _2ddc
_cDC
999 _c4515
_d4515